000 00294nam a2200133Ia 4500
008 191201s2011 xx 000 0 und d
100 _aNATARAJAN,AM
245 0 _aOperations Research
250 _aIMP
260 _aN.Delhi
_bPearson
_c2011
300 _a738
650 _aMBA
942 _2ddc
_cBK
999 _c4155
_d4155